| 000 | 00604cab a2200205 4500 | ||
|---|---|---|---|
| 001 | WB2648-07 | ||
| 008 | 090401t1990 xxu||||| |||| 00| 0 eng d | ||
| 035 | _a(Sirsi) u40756 | ||
| 041 | _aeng | ||
| 245 | _aMarket not turned yet | ||
| 260 | _c1990 | ||
| 350 | _a0 | ||
| 490 |
_aFinancial Times _v30/11/90 p14 |
||
| 520 | _aAccording to IPD the property market has not turned yet, with optimistic indicators in September proving to be unsustained in October. | ||
| 650 | _aPROPERTY INDICATORS | ||
| 650 | _aYIELDS | ||
| 690 | _aPROPERTY-COMMERCIAL PROPERTY | ||
| 942 | _n0 | ||
| 948 | _c04/03/1997 | ||
| 999 |
_c26118 _d26118 |
||